书目信息 |
| 题名: |
疾病营养学
|
|
| 作者: | 何志谦 | |
| 分册: | ||
| 出版信息: | 北京 人民卫生出版社 2009.12 |
|
| 页数: | 263页 | |
| 开本: | 20cm | |
| 丛书名: | ||
| 单 册: | ||
| 中图分类: | R459.3 | |
| 科图分类: | ||
| 主题词: | 治疗学 | |
| 电子资源: | ||
| ISBN: | 7-117-12055-X | |
| 000 | 00544nam0 2200193 450 | |
| 001 | 2257896728 | |
| 005 | 20221010160704.87 | |
| 010 | @a7-117-12055-X@dCNY38.00 | |
| 100 | @a20221010d2009 km y0chiy0120 ea | |
| 101 | 0 | @achi |
| 102 | @aCN@b110000 | |
| 200 | 1 | @a疾病营养学@AJi Bing Ying Yang Xue@f何志谦@FHe Zhi Qian |
| 210 | @a北京@c人民卫生出版社@d2009.12 | |
| 215 | @a263页@d20cm | |
| 606 | 0 | @a治疗学 |
| 690 | @aR459.3@v4 | |
| 701 | 0 | @a何志谦@AHe Zhi Qian |
| 801 | 0 | @aCN@b大连网信软件有限公司图书馆·11@c20221010 |
| 905 | @aZUCC@dR459.3@eZY3 | |
| 疾病营养学/何志谦.-北京:人民卫生出版社,2009.12 |
| 263页;20cm |
| ISBN 7-117-12055-X:CNY38.00 |
| ● |
| 相关链接 |
|
|
|
|
正题名:疾病营养学
索取号:R459.3/ZY3
 
预约/预借
| 序号 | 登录号 | 条形码 | 馆藏地/架位号 | 状态 | 备注 |
| 1 | 7905221 | 279052212 | 密集书库-资源管理系/ [索取号:R459.3/ZY3] | 在馆 |